000 00664nam a22002057a 4500
999 _c11857
_d11857
003 AR-CdUCM
008 190405b ||||| |||| 00| 0 spa d
040 _aMUNICIPALIDAD PROVINCIAL DEL CUSCO
_cBIBLIOTECA MUNICIPAL DEL CUSCO
082 _aES / 373.985 /
_bP77
100 _aPons Muzzo, Gustavo
_922526
245 _aHistoria del Perú /
260 _aLima :
_bUniverso S. A. ;
_c1981.
300 _a222 páginas ;
_bIlustraciones, mapas
_c20cm
500 _aEducación secundaria 1ro
505 _aContenido: Época pre-incaica -- Época incaica
650 _aHistoria
_9136
650 _aIncas
_9303
942 _2ddc
_cLIBROS
945 _anom
_d2019-04-05